Eduardo de la Barra íntimo. Reminiscencias de su juventud. Epígrafe tomado de una carta de Ricardo Palma
Wedi'i Gadw mewn:
| Prif Awdur: | |
|---|---|
| Fformat: | Llyfr |
| Iaith: | Sbaeneg |
| Cyhoeddwyd: |
Santiago
Imprenta i Encuadernación El Globo
1901
|
| Rhifyn: | 1a. ed |
| Pynciau: | |
| Tagiau: |
Ychwanegu Tag
Dim Tagiau, Byddwch y cyntaf i dagio'r cofnod hwn!
|
MARC
| LEADER | 00000nam a2200000 a 4500 | ||
|---|---|---|---|
| 001 | UCJ5027 | ||
| 003 | CL-VaPUC | ||
| 008 | 070124e19010000CL |||||||||||||||||spa|d | ||
| 082 | 0 | 4 | |a Ch860 |b SOL |2 21 |
| 100 | 0 | |a Solar, Fidelis P. del |e author |9 509702 | |
| 245 | 1 | 0 | |a Eduardo de la Barra íntimo. Reminiscencias de su juventud. Epígrafe tomado de una carta de Ricardo Palma |
| 250 | |a 1a. ed | ||
| 300 | |a 38 p | ||
| 942 | |c BK | ||
| 945 | |d 20070124 00:00:00 |a rinostro | ||
| 260 | |a Santiago |b Imprenta i Encuadernación El Globo |c 1901 | ||
| 500 | |a Front., fotografía de Eduardo de la Barra, joven; p. 34, idem en su madurez. Advierte errata.- Esta monografía se encuentra empastada junto a otras en un volumen rotulado La Barra - Del Solar y se ubica en Ch 860 BAR | ||
| 600 | 0 | 7 | |a BARRA, EDUARDO DE LA |2 CL-VaPUC |9 390300 |
| 650 | 0 | |a Poesía chilena |9 268403 | |
| 650 | 7 | |a BIOGRAFIA |2 CL-VaPUC |9 504622 | |
| 650 | 0 | |a Crítica literaria |9 269189 | |
| 650 | 0 | |a Iconografía |9 267998 | |
| 583 | |a last modification |c 20070124 00:00:00 |k Rodrigo Vera | ||
| 999 | |c 321140 |d 321138 | ||
| 952 | |0 0 |1 0 |4 0 |6 CH_860_000000000000000_SOL_1901 |7 0 |8 ? |9 399811 |a FDOBUD |b FDOBUD |d 2019-11-22 |i 1029010 |o Ch860 SOL 1901 |p 1029010 |r 2019-11-22 |w 2019-11-22 |y BK |k BUD | ||